| 000 | 00971cam a22002653a 4500 | ||
|---|---|---|---|
| 001 | 18757 | ||
| 003 | PGUSA | ||
| 005 | 20140828083411.0 | ||
| 008 | 060704s2006||||xxu|||||s|||||000 | eng d | ||
| 040 |
_aPGUSA _beng |
||
| 042 | _adc | ||
| 050 | 4 | _aG | |
| 100 | 1 |
_aBeazley, C. Raymond _q(Charles Raymond), _d1868-1955 |
|
| 245 | 1 | 0 |
_aPrince Henry the Navigator, the Hero of Portugal and of Modern Discovery, 1394-1460 A.D. : _bWith an Account of Geographical Progress Throughout the Middle Ages As the Preparation for His Work. _h[electronic resource] / _cC. Raymond Beazley |
| 260 |
_bProject Gutenberg, _c2006 |
||
| 506 | _aPublic domain in the USA. | ||
| 516 | _aElectronic text | ||
| 653 | _aHenry, Infante of Portugal, 1394-1460 | ||
| 653 | _aGeography, Medieval | ||
| 653 | _aDiscoveries in geography | ||
| 653 | _aExplorers -- Portugal -- Biography | ||
| 830 | 0 |
_aProject Gutenberg _v18757 |
|
| 856 | 4 | 0 | _uhttp://www.gutenberg.org/ebooks/18757 |
| 942 | _cEB | ||
| 999 |
_c248012 _d248012 |
||